Elementos de Física General y Experimental : Electricidad Física Atómica

Bibliographic Details
Main Author: Gran M. F.
Format: Section = Libro
Language:Undetermined
Spanish
Published: Estados Unidos Minerva Books 1963
Subjects:
LEADER 00622nam a2200205Ia 4500
008 240830s9999 xx 000 0 und d
040 |a B-ESTELÍ- RUACS / 537 G748 
041 |a spa 
082 |a 537 G748 
100 1 |a Gran M. F. 
245 1 0 |a Elementos de Física General y Experimental : Electricidad Física Atómica 
260 |a Estados Unidos  |b Minerva Books  |c 1963 
300 |a 849 p:il 
650 7 |a MAGNETISMO Y ELECTROESTATICA 
650 7 |b  CORRIENTE CONTINUA 
650 7 |c  INDUCCION Y CORRIENTE ALTERNA 
650 7 |d  ONDAS ELECTRICAS-ELECTRONES-RELATIVIDAD. 
942 |c BK  |2 ddc 
991 |a TEXTO 
999 |c 11042